[Event "Llinars del Valles Tardor op 6th"]
[Site "Llinars del Valles"]
[Date "2014.11.28"]
[Round "8"]
[White "Salinas Perez, Rodrigo"]
[Black "Espada Espanol, Gil"]
[Result "1-0"]
[WhiteElo "1757"]
[BlackElo "1783"]
[PlyCount "53"]
[EventDate "2014.10.03"]
[EventType "swiss"]
[EventRounds "8"]
[EventCountry "ESP"]
[SourceTitle "EXT 2016"]
[Source "ChessBase"]
[SourceDate "2015.10.08"]
[SourceVersion "1"]
[SourceVersionDate "2015.10.08"]
[SourceQuality "1"]

1. e4 e6 2. d3 d5 3. Nf3 c5 4. Be2 Nc6 5. 0-0 g6 6. Bf4 Bg7 7. Nbd2 Nf6 8. e5 Nd7 9. c4 Ndxe5 10. cxd5 Nxf3+ 11. Bxf3 exd5 12. Re1+ Ne7 13. Bg5 f6 14. Be3 Qd6 15. d4 c4 16. b3 cxb3 17. Qxb3 0-0 18. Nb1 Be6 19. Be2 Rfc8 20. Qxb7 Rcb8 21. Qa6 Qxa6 22. Bxa6 Re8 23. Nc3 f5 24. Nb5 Rab8 25. Nc7 Red8 26. Nxe6 Rd6 27. Nxg7 1-0